Normal view MARC view

Entry Personal Name

Number of records used in: 24

001 - CONTROL NUMBER

  • control field: 35775

003 - CONTROL NUMBER IDENTIFIER

  • control field: dpl

005 - DATE AND TIME OF LATEST TRANSACTION

  • control field: 20111109103023.0

008 - FIXED-LENGTH DATA ELEMENTS

  • fixed length control field: 111109|||a|||||| | ||| d

040 ## - CATALOGING SOURCE

  • Original cataloging agency: dpl
  • Transcribing agency: dpl

100 ## - HEADING--PERSONAL NAME

  • Personal name: Hellenbrand, Ulrich

670 ## - SOURCE DATA FOUND

  • Source citation: Work cat.: (dpl): Genzmer, Herbert 35774, Mysteries of the world ;, 2007

670 ## - SOURCE DATA FOUND

  • Source citation: Work cat.: (dpl): Genzmer, Herbert 35774, Mysteries of the world ;, 2007

© Delhi Public Library
Hit Counter
free hit counter